000 00778nam a22001937a 4500
999 _c18574
_d18574
008 231204b ||||| |||| 00| 0 eng d
020 _a9789719819073
082 _22022
_aDFil 899.211
_bT21
100 _aTayao, Ma. Lourdes G.
_950354
245 _a21st-century literature from the Philippines and the world :
_bfor senior high school /
_cMa. Lourdes G. Tayao, Rosario I. Alonzo, and Eden Regala Flores
250 _aSecond edition.
260 _aQuezon City :
_bC&E publishing, Inc.,
_c©2022.
300 _ax, 343 pages :
_billustrations ;
_c26 cm.
500 _aIncludes glossary, bibliography, and index.
650 _aPhilippine literature.
_950405
700 _aAlonzo, Rosario I.
_eauthor.
_950355
700 _aFlores, Eden Regala.
_eauthor.
_950356
942 _2ddc
_cDFIL